|
|
|
|
| LEADER |
00000naa2a2200000 4500 |
| 001 |
116568 |
| 005 |
20240209135921.0 |
| 035 |
|
|
|a (RuTPU)RU\TPU\book\126154
|
| 090 |
|
|
|a 116568
|
| 100 |
|
|
|a 20070523d2003 k y0rusy50 ca
|
| 101 |
0 |
|
|a rus
|
| 102 |
|
|
|a RU
|
| 200 |
1 |
|
|a Численное моделирование на ЭВМ петель Гистерезиса ленточных ферромагнитных сплавов
|f Г. В. Носов, Е. О. Кулешова
|
| 320 |
|
|
|a Библиогр.: 4 назв.
|
| 461 |
|
1 |
|0 (RuTPU)RU\TPU\book\64647
|t Современные техника и технологии
|l Modern Technique and Technologies
|o IX Международная научно-практическая конференция студентов, аспирантов и молодых ученых, г. Томск, 7-11 апреля 2003 г.
|o труды: В 2 т.
|f Томский политехнический университет; oтв. ред. А. С. Заворин
|d 2003-
|
| 463 |
|
1 |
|0 (RuTPU)RU\TPU\book\64489
|y 5-98298-037-4
|t Т. 1.
|v С. 17-19
|d 2003
|p 321 с.
|
| 610 |
1 |
|
|a моделирование
|
| 610 |
1 |
|
|a численное моделирование
|
| 610 |
1 |
|
|a петли Гистерезиса
|
| 610 |
1 |
|
|a ферромагнитные сплавы
|
| 610 |
1 |
|
|a импульсная техника
|
| 610 |
1 |
|
|a труды учёных ТПУ
|
| 700 |
|
1 |
|a Носов
|b Г. В.
|c специалист в области электротехники
|c доцент Томского политехнического университета, кандидат технических наук
|f 1954-
|g Геннадий Васильевич
|3 (RuTPU)RU\TPU\pers\25531
|9 11461
|
| 701 |
|
1 |
|a Кулешова
|b Е. О.
|c специалист в области электротехники
|c доцент Томского политехнического университета, кандидат физико-математических наук
|f 1976-
|g Елена Олеговна
|3 (RuTPU)RU\TPU\pers\27086
|9 12636
|
| 801 |
|
1 |
|a RU
|b 63413507
|c 20070523
|g PSBO
|
| 801 |
|
2 |
|a RU
|b 63413507
|c 20150925
|g RCR
|
| 942 |
|
|
|c BK
|